01867nam a2200313 i 4500001001000000003000900010005001700019007000300036008003200039040003000071082002600101110006400127245018900191264006800380300004400448336002700492337003300519338002800552500000600580504003700586505060100623650005701224650004701281650005101328700003501379700004101414700004701455700005101502000002710DO-SdBPM20251013134740.0ta090703s2007 dr a 000 0 spa d aDO-SdBPMbspacBPMSUerda 4a305.42bJ45f 20072221 aRepública Dominicana.bOficina Nacional de Estadística 00aLa jefatura femenina de hogar en República Dominicana : bun estudio a partir de datos censales /c Investigación Jafmary Féliz, Tomás Sánchez S., Teresa Guerrero Núñez  aSanto Domingo :b Oficina Nacional de Estadística (ONE)c2007 a28 páginas :bilustraciones ;c25 cm. 2rdacontentatextobtxt 2rdamediaasin mediaciónbn 2rdacarrieravolumenbnc a  aBibliografía: páginas 27-280 aPalabras del director -- Introducción – Algunas consideraciones teórico- conceptuales -- 1.- En torno al concepto y clasificación de la jefatura femenina de hogar -- 2.- El aumento de la jefatura femenina: factores entrelazados lo explican -- 3.- Hogares liderados por mujeres: ¿Hogares más pobres? – Resultados y discusiones -- 1.- Evolución de la jefatura femenina de hogar en la República Dominicana -- 2.- Un perfil de las jefas de hogar dominicanas -- 3.- Condición y entorno de las viviendas dominicanas lideradas por mujeres – A modo de conclusión -- Bibliografía. 4aMujereszRepública Dominicana xInvestigacionesv  7aJefes de hogar zRepública Dominicanax  7aCensozRepública DominicanavEstadísticas 1 aTactuk, PabloePresentación 1 aFéliz, Jafmary e investigación 1 a Sánchez S., Tomáse investigación 1 a Guerrero Núñez, Teresae Investigación